|
|
|
|
| LEADER |
03431njm a2200721 a 4500 |
| 001 |
001082465 |
| 003 |
CZ BrMZK |
| 005 |
20170428085149.0 |
| 007 |
sd fsngnnmmned |
| 008 |
100114s2009 xr mun g zxx d |
| 040 |
|
|
|a BOA001
|b cze
|
| 047 |
|
|
|a zz
|a sn
|a co
|a ch
|
| 048 |
|
|
|a tb01
|a wh01
|
| 048 |
|
|
|a kz01
|
| 048 |
|
|
|a wh04
|
| 048 |
|
|
|a wa03
|
| 048 |
|
|
|a sa01
|a sb01
|a sc01
|a ka01
|
| 048 |
|
|
|a sb01
|a c01
|
| 048 |
|
|
|a wc02
|a ka01
|
| 048 |
|
|
|a sa02
|a sb01
|a sc01
|
| 072 |
|
7 |
|a 785
|x Instrumentální hudba. Symfonická hudba. Hudba pro více nástrojů
|2 Konspekt
|9 9
|
| 080 |
|
|
|a 78.082.3
|2 MRF
|
| 080 |
|
|
|a 78.086.1
|2 MRF
|
| 080 |
|
|
|a 788.083
|2 MRF
|
| 080 |
|
|
|a 78.082.2
|2 MRF
|
| 080 |
|
|
|a 785.7
|2 MRF
|
| 080 |
|
|
|a 788.6.083
|2 MRF
|
| 080 |
|
|
|a 78.083
|
| 080 |
|
|
|a (086.76)
|2 MRF
|
| 245 |
0 |
0 |
|a [Koncert vítězů 16. ročníku Dittersovy soutěže]
|h [zvukový záznam] :
|b [kategorie ZUŠ : Vidnava 15.10.2009]
|
| 260 |
|
|
|a [S.l. :
|b s.n.,
|c 2009]
|
| 300 |
|
|
|a 1 zvuková deska :
|b digital ;
|c 12 cm
|
| 500 |
|
|
|a Kompaktní deska
|
| 500 |
|
|
|a Název a podnázev z pouzdra
|
| 505 |
0 |
0 |
|t Sonatina Es dur /
|r Jan Křtitel Vaňhal --
|t Intráda /
|r Jiří Ignác Linek --
|t Danza /
|r Anonym --
|t Indian summer /
|r Matthias Maute --
|t Sonáta /
|r Georg Speer --
|t Choral /
|r Johann Sebastian Bach --
|t Deux interludes č. 1 /
|r Jacques Ibert --
|t Sonáta c moll. 1. věta /
|r Johann Joachim Quantz --
|t Vivace --
|t Sonáta. 2. věta - Un poco andante /
|r Jiří Čart --
|t Ruská fantazie /leo Portnof --
|t Bergamasca /
|r Marco Uccelini --
|t Duo Es dur pro violu a violoncello /
|r Karel Ditters z Dittersdorfu --
|t Koncertní kus č. 2 d moll. 1. věta /
|r Felix Mendelsohn-Bartholdy --
|t Meditace na staročeský chorál "Svatý Václave", op. 35 /
|r Josef Suk
|
| 511 |
0 |
|
|a V podání různých interpretů
|
| 518 |
|
|
|a Nahráno ve Vidnavě 15.10.2009
|
| 650 |
0 |
4 |
|a sonatiny (zobcová flétna, kytara)
|
| 650 |
0 |
4 |
|a intrády (dechové nástroje)
|
| 650 |
0 |
7 |
|a drobné skladby (dechové nástroje)
|7 ph317258
|2 czenas
|
| 650 |
0 |
4 |
|a sonáty (flétna (3)
|
| 650 |
0 |
7 |
|a komorní hudba
|7 ph121752
|2 czenas
|
| 650 |
0 |
4 |
|a drobné skladby (klarinet (2), klavír)
|
| 650 |
|
4 |
|a drobné skladby (housle (2), viola, violoncello)
|
| 655 |
|
7 |
|a kompaktní desky
|7 fd201991
|2 czenas
|
| 700 |
1 |
2 |
|a Vaňhal, Jan Křtitel,
|d 1739-1813.
|t Sonatiny,
|r Es dur
|
| 700 |
1 |
2 |
|a Linka, Jiří Ignác,
|d 1725-1791.
|t Intrády
|
| 700 |
1 |
2 |
|a Maute, Matthias,
|d 1963-
|t Indian summer
|
| 700 |
1 |
2 |
|a Speer, Daniel Georg,
|d 1636-1707.
|t Sonáta
|
| 700 |
1 |
2 |
|a Bach, Johann Sebastian,
|d 1685-1750.
|t Choral
|
| 700 |
1 |
2 |
|a Ibert, Jacques,
|d 1890-1962.
|t Deux interludes
|
| 700 |
1 |
2 |
|a Quantz, Johann Joachim,
|d 1697-1773.
|t Triová sonáta,
|r c moll
|
| 700 |
1 |
2 |
|a Čart, Jiří,
|d 1708-asi 1778.
|t Vivace
|
| 700 |
1 |
2 |
|a Čart, Jiří,
|d 1708-asi 1778.
|t Sonáta
|
| 700 |
1 |
2 |
|a Portnoff, Leo,
|d 1875-1940.
|t Ruská fantazie
|
| 700 |
1 |
2 |
|a Uccellini, Marco,
|d asi 1603-1680.
|t Bergamasca
|
| 700 |
1 |
2 |
|a Dittersdorf, Karl Ditters von,
|d 1739-1799.
|t Dua,
|m viola, violoncello,
|r Es dur
|
| 700 |
1 |
2 |
|a Mendelssohn-Bartholdy, Felix,
|d 1809-1847.
|t Koncertní kus,
|n č. 2,
|r d moll
|
| 700 |
1 |
2 |
|a Suk, Josef,
|d 1874-1935.
|t Meditace na staročeský chorál Svatý Václave
|7 aun2006373533
|
| 910 |
|
|
|a BOA001
|b CDR-1236.034
|
| 990 |
|
|
|a AV
|
| 991 |
|
|
|b 201002
|
| 996 |
6 |
|
|b 2610405836
|c CDR-1236.034
|l MZK
|r Sklad / do 24 hodin
|n 0
|p p.v.
|w 001104723
|u 000010
|a 1
|e BOA001
|j MZK50
|s P
|